000 00378nam a2200145Ia 4500
008 230917s9999||||xx |||||||||||||| ||und||
040 _e71865
_aMAIN
041 _aEnglish
082 _a581.192 M565M
100 _aDashek, William V
245 0 _aMethods in plant biochemistry and molecular biology
260 _aNew York
_bC R S Press
_c1977
300 _a457 p.
942 _cBK
999 _c93063
_d93063